000 00476nam a22001817a 4500
005 20230116102856.0
008 190530b xxu||||| |||| 00| 0 eng d
020 _a978-93-88293-57-0
041 _aeng
082 _a610
_bHAJ -T
100 _aHAJARE, DR. ASHOK
_95010
245 _aA TEXTBOOK OF PHYSICAL PHARMACEUTICS -II (SEM-IV)
250 _a2nd, Ed, 2018
260 _aPUNE
_bNIRALI PRAKASHAN
300 _a5.31p,
650 _aPHARMACY
_xB.PHARMA
_97083
942 _cBK
999 _c5903
_d5901